[Event "XXX Open Eporediese"]
[Site "Ivrea ITA"]
[Date "2013.02.14"]
[Round "4"]
[White "Razzano, Lorenzo"]
[Black "Paonessa, Denis"]
[WhiteElo "1982"]
[BlackElo "1845"]
[Result "1/2-1/2"]
[PlyCount "41"]
[EventDate "2013.01.24"]

1. e4 e5 2. Nf3 Nc6 3. Bb5 a6 4. Bxc6 dxc6 5. O-O f6 6. d4 Bg4 7. c3 c5 8. dxe5
Qxd1 9. Rxd1 fxe5 10. Be3 Nf6 11. Nbd2 Bd6 12. Re1 O-O 13. Nxe5 Bxe5 14. f4 Bd6
15. e5 Nd5 16. exd6 cxd6 17. g3 Rae8 18. Bf2 Be2 19. Kg2 Re7 20. Nf3 Rfe8 21.
Ng1 1/2-1/2

[Event "XXX Open Eporediese"]
[Site "Ivrea ITA"]
[Date "2013.02.14"]
[Round "4"]
[White "Trovero, Leo"]
[Black "Gennaro, Isabella"]
[WhiteElo "1619"]
[BlackElo "1658"]
[Result "1-0"]
[PlyCount "71"]
[EventDate "2013.01.24"]

1. e4 c5 2. Nf3 Nc6 3. d4 cxd4 4. Nxd4 Nf6 5. Nc3 e5 6. Ndb5 d6 7. Bg5 a6 8.
Na3 b5 9. Nd5 Be7 10. Bxf6 Bxf6 11. c3 Bg5 12. Qf3 O-O 13. h4 Bh6 14. g4 g6 15.
Nf6+ Kh8 16. g5 Bg7 17. Bh3 Bxh3 18. Rxh3 h5 19. Nc2 Bxf6 20. gxf6 Rc8 21. Ne3
b4 22. Nd5 bxc3 23. bxc3 Qa5 24. Kf1 Rb8 25. Rg3 Qb5+ 26. Kg2 Qc4 27. Rg5 Rb2
28. Rxh5+ Kg8 29. Rg5 Re2 30. Rg4 Rb8 31. h5 Rbb2 32. Rf1 Red2 33. hxg6 Rd3 34.
gxf7+ Kxf7 35. Rg7+ Kf8 36. Qf5 1-0

[Event "XXX Open Eporediese"]
[Site "Ivrea ITA"]
[Date "2013.02.19"]
[Round "5"]
[White "Bellafiore, Enzo"]
[Black "Razzano, Lorenzo"]
[WhiteElo "1771"]
[BlackElo "1982"]
[Result "0-1"]
[PlyCount "86"]
[EventDate "2013.01.24"]

1. d4 g6 2. Bf4 Bg7 3. e3 d6 4. Nf3 Nd7 5. Be2 e5 6. dxe5 dxe5 7. Bg3 Qe7 8. c3
Nh6 9. h3 Nf5 10. Bh2 O-O 11. Nbd2 Nd6 12. O-O Nc5 13. Nc4 Nxc4 14. Bxc4 Bf5
15. Qe2 c6 16. a4 Rfd8 17. Rfd1 h5 18. Ne1 Rxd1 19. Qxd1 Rd8 20. Qe2 Qd7 21.
Nf3 Bd3 22. Bxd3 Nxd3 23. Rd1 Nf4 24. Qd2 Qxd2 25. Rxd2 Rxd2 26. Nxd2 Nd3 27.
b4 f5 28. f3 e4 29. Nb1 Bh6 30. f4 Bg7 31. Kf1 Kf7 32. Ke2 Ke6 33. Kd2 Kd5 34.
Na3 Nb2 35. Nc2 Nc4+ 36. Ke2 Bxc3 37. Bg1 Nb2 38. a5 Nd3 39. Bf2 Kc4 40. h4
Nxb4 41. Na3+ Kb3 42. Nb1 Nd3 43. Bg1 Bxa5 0-1

[Event "XXX Open Eporediese"]
[Site "Ivrea ITA"]
[Date "2013.02.21"]
[Round "5"]
[White "Bosticardo, Tommaso"]
[Black "Ranieri, Fabrizio"]
[WhiteElo "1837"]
[BlackElo "2304"]
[Result "0-1"]
[PlyCount "58"]
[EventDate "2013.01.24"]

1. d4 d5 2. c4 e6 3. Nc3 c6 4. e3 Nf6 5. Nf3 Nbd7 6. Qc2 Be7 7. Be2 O-O 8. O-O
a6 9. b3 b6 10. Bb2 Bb7 11. e4 dxe4 12. Nxe4 c5 13. Ng3 Rc8 14. Rad1 Qc7 15.
Ng5 h6 16. N5e4 cxd4 17. Bxd4 b5 18. Qb1 bxc4 19. Bxc4 Rfd8 20. Rfe1 Qf4 21.
Nxf6+ Nxf6 22. Be5 Qh4 23. h3 Bc5 24. Qb2 a5 25. Rd2 Qg5 26. Bd4 Bb4 27. Be3
Rxd2 28. Qc1 Qd5 29. Bxd5 Rxc1 0-1

[Event "XXX Open Eporediese"]
[Site "Ivrea ITA"]
[Date "2013.02.21"]
[Round "5"]
[White "Paonessa, Denis"]
[Black "Chiarotto, Filippo"]
[WhiteElo "1845"]
[BlackElo "2078"]
[Result "0-1"]
[PlyCount "84"]
[EventDate "2013.01.24"]

1. d4 Nf6 2. c4 e6 3. Nc3 Bb4 4. Bg5 c5 5. d5 h6 6. Bh4 Qa5 7. Qc2 g5 8. Bg3
O-O 9. e3 exd5 10. cxd5 Nxd5 11. Bc4 Bxc3+ 12. bxc3 Qxc3+ 13. Qxc3 Nxc3 14. a4
d5 15. Bd3 Be6 16. f3 c4 17. Bc2 b5 18. axb5 Nxb5 19. Ne2 Nc6 20. h4 Nb4 21.
Ba4 Nd3+ 22. Kd2 a6 23. hxg5 hxg5 24. Nc3 Nxc3 25. Kxc3 Rfc8 26. Rh5 f6 27. Rh6
Kg7 28. Rhh1 Bf5 29. Bc2 Bg6 30. Rab1 Ra7 31. Rb6 Re8 32. Kd2 Rae7 33. Ba4 Rc8
34. Rc6 Rxc6 35. Bxc6 Nb4 36. Ba4 Rb7 37. f4 gxf4 38. Bxf4 Nd3 39. Bh6+ Kg8 40.
Bc6 c3+ 41. Ke2 Rb2+ 42. Kf3 Ne5+ 0-1

[Event "XXX Open Eporediese"]
[Site "Ivrea ITA"]
[Date "2013.03.02"]
[Round "7"]
[White "Castaldo, Antonio"]
[Black "Bozza, Alberto"]
[WhiteElo "1587"]
[BlackElo "1538"]
[Result "1-0"]
[PlyCount "75"]
[EventDate "2013.01.24"]

1. Nf3 Nf6 2. g3 g6 3. Bg2 Bg7 4. O-O O-O 5. d3 d5 6. Nbd2 c5 7. e4 Nc6 8. Re1
b6 9. c3 dxe4 10. dxe4 Bb7 11. Qc2 Qc7 12. a4 e5 13. Nc4 Rad8 14. Bg5 h6 15.
Bxf6 Bxf6 16. Rad1 Kh7 17. Rxd8 Rxd8 18. Rd1 Rxd1+ 19. Qxd1 Be7 20. Qc2 Ba6 21.
Ne3 Qd8 22. Nd5 Na5 23. Nxe5 Kg7 24. Nxe7 Qxe7 25. f4 Nc4 26. Nxc4 Bxc4 27. b3
Ba6 28. c4 Bb7 29. Qd3 f5 30. e5 Bxg2 31. Kxg2 Kf7 32. Qd5+ Kg7 33. e6 Kf8 34.
Kf3 h5 35. h3 Qe8 36. g4 fxg4+ 37. hxg4 h4 38. f5 1-0

[Event "XXX Open Eporediese"]
[Site "Ivrea ITA"]
[Date "2013.03.02"]
[Round "7"]
[White "Giachino, Adriano"]
[Black "Bogatto, Mario"]
[WhiteElo "1624"]
[BlackElo "1430"]
[Result "1-0"]
[PlyCount "59"]
[EventDate "2013.01.24"]

1. e4 c5 2. Nf3 a6 3. d4 cxd4 4. Nxd4 Nc6 5. Bc4 e6 6. Nc3 d6 7. Be3 Bd7 8. Qd2
b5 9. Bb3 Ne5 10. O-O-O Rc8 11. f4 Nc4 12. Qe2 Nf6 13. Bf2 Qc7 14. e5 dxe5 15.
fxe5 Nd5 16. Nxd5 exd5 17. e6 fxe6 18. Nxe6 Bxe6 19. Qxe6+ Be7 20. Rhe1 Kf8 21.
Bg3 Bg5+ 22. Kb1 Qc6 23. Qf5+ Bf6 24. Bh4 Nd6 25. Qf4 Ne8 26. Rxd5 h6 27. Qf5
Kg8 28. Rc5+ Kf8 29. Rxc6 Rxc6 30. Qd7 1-0

[Event "XXX Open Eporediese"]
[Site "Ivrea ITA"]
[Date "2013.03.07"]
[Round "7"]
[White "Paonessa, Denis"]
[Black "Bosticardo, Tommaso"]
[WhiteElo "1845"]
[BlackElo "1837"]
[Result "1/2-1/2"]
[PlyCount "119"]
[EventDate "2013.01.24"]

1. d4 d5 2. c4 e6 3. Nc3 Nf6 4. Bg5 Be7 5. e3 O-O 6. Nf3 h6 7. Bh4 b6 8. Be2
Bb7 9. Bxf6 Bxf6 10. cxd5 exd5 11. O-O c5 12. dxc5 bxc5 13. Qb3 Bc6 14. Rfd1 d4
15. exd4 cxd4 16. Nb5 Na6 17. Nbxd4 Bd5 18. Qa3 Nc7 19. Rac1 Qd7 20. Qa5 Rac8
21. Qxa7 Qd6 22. Nf5 Qf4 23. Ne3 Be4 24. g3 Nb5 25. Rxc8 Rxc8 26. Qxf7+ Kxf7
27. gxf4 Bxf3 28. Bxf3 Bxb2 29. Rb1 Rc1+ 30. Rxc1 Bxc1 31. a4 Na7 32. a5 Ke6
33. a6 Kd7 34. Kf1 Ba3 35. Ke2 Bd6 36. Nd5 Nc6 37. Kd3 Bc5 38. Ne3 Nb4+ 39. Kc4
Bxe3 40. fxe3 Nxa6 41. e4 Nc7 42. e5 Ke7 43. f5 Kf7 44. Bh5+ Ke7 45. Kc5 Na6+
46. Kc4 Nc7 47. Bg6 Na6 48. Kd4 Nb4 49. Ke4 Nc6 50. Kf4 Nd4 51. Bh5 Nc6 52. Bf3
Nd4 53. Bd5 Ne2+ 54. Kg4 Nd4 55. Be4 Ne2 56. h3 Kf7 57. Bd5+ Ke7 58. Bc4 Nd4
59. Bd5 Ne2 60. Bc4 1/2-1/2

[Event "XXX Open Eporediese"]
[Site "Ivrea ITA"]
[Date "2013.03.02"]
[Round "7"]
[White "Ranieri, Fabrizio"]
[Black "Avetta, Roberto"]
[WhiteElo "2304"]
[BlackElo "1679"]
[Result "1-0"]
[PlyCount "55"]
[EventDate "2013.01.24"]

1. e4 c5 2. Nf3 d6 3. d4 cxd4 4. Nxd4 Nf6 5. Nc3 a6 6. Bg5 e6 7. f4 Be7 8. Qf3
b5 9. e5 Nd5 10. Nxd5 exd5 11. Bxe7 Qxe7 12. Qxd5 Ra7 13. Qxd6 Qxd6 14. exd6
Rd7 15. Nxb5 axb5 16. Bxb5 Bb7 17. Bxd7+ Kxd7 18. O-O-O g6 19. Rhe1 Nc6 20. g3
f5 21. Kb1 Re8 22. Rxe8 Kxe8 23. c4 Kd7 24. a3 Nd8 25. b4 Be4+ 26. Kb2 Nf7 27.
c5 Nh6 28. b5 1-0

[Event "XXX Open Eporediese"]
[Site "Ivrea ITA"]
[Date "2013.03.05"]
[Round "7"]
[White "Trovero, Leo"]
[Black "Razzano, Lorenzo"]
[WhiteElo "1619"]
[BlackElo "1982"]
[Result "1-0"]
[PlyCount "83"]
[EventDate "2013.01.24"]

1. e4 c5 2. Nf3 Nc6 3. d4 cxd4 4. Nxd4 Nf6 5. Nc3 d6 6. Bg5 e6 7. Be2 a6 8. O-O
Bd7 9. Qd2 Be7 10. Rad1 b5 11. a3 Rc8 12. Kh1 Ne5 13. f4 Nc4 14. Bxc4 Rxc4 15.
e5 dxe5 16. fxe5 Nd5 17. Bxe7 Qxe7 18. Ne4 O-O 19. Nd6 Rc7 20. Qa5 Bc8 21. Rde1
f6 22. Nxc8 Rcxc8 23. exf6 Rxf6 24. Rxf6 Qxf6 25. Qxa6 Rf8 26. Qxe6+ Qxe6 27.
Nxe6 Rf2 28. Ng5 g6 29. Rc1 Ne3 30. g3 Nc4 31. b3 Nxa3 32. c4 b4 33. c5 Nb5 34.
c6 Nc7 35. Rc4 Rf5 36. Ne4 Rb5 37. Rd4 Rb8 38. Rd7 Ne6 39. Re7 Nd4 40. c7 Ra8
41. Nd6 Nc6 42. c8=Q+ 1-0

[Event "XXX Open Eporediese"]
[Site "Ivrea ITA"]
[Date "2013.03.14"]
[Round "8"]
[White "Avetta, Roberto"]
[Black "Chiarotto, Filippo"]
[WhiteElo "1679"]
[BlackElo "2078"]
[Result "0-1"]
[PlyCount "54"]
[EventDate "2013.01.24"]

1. e4 c5 2. Nf3 a6 3. d4 cxd4 4. Nxd4 Nf6 5. Nc3 e5 6. Nf3 Bb4 7. Qd3 O-O 8.
Bg5 d5 9. O-O-O Bxc3 10. Qxc3 Nxe4 11. Qxe5 Nxg5 12. Qxg5 Be6 13. Qh5 Nd7 14.
Bd3 Nf6 15. Qh4 Qa5 16. a3 b5 17. Nd4 Rac8 18. Nb3 Qb6 19. Qd4 Qc7 20. f3 Rfd8
21. g4 Ne8 22. f4 Bxg4 23. Rde1 Bf3 24. Rhg1 Be4 25. Bxe4 dxe4 26. Qf2 f5 27.
Nd4 Rxd4 0-1

[Event "XXX Open Eporediese"]
[Site "Ivrea ITA"]
[Date "2013.03.09"]
[Round "8"]
[White "Bozza, Alberto"]
[Black "Paonessa, Denis"]
[WhiteElo "1538"]
[BlackElo "1845"]
[Result "0-1"]
[PlyCount "54"]
[EventDate "2013.01.24"]

1. c4 Nf6 2. g3 g6 3. Bg2 Bg7 4. Nc3 O-O 5. Nf3 c5 6. O-O Nc6 7. d3 b6 8. e3
Bb7 9. d4 cxd4 10. exd4 d5 11. Ne5 e6 12. Bg5 Ne7 13. Qd2 Rc8 14. Bh6 Ba8 15.
g4 dxc4 16. Bxa8 Rxa8 17. Bxg7 Kxg7 18. g5 Nfd5 19. Ng4 Nf5 20. Nxd5 Qxd5 21.
Rad1 Nh4 22. f4 Nf3+ 23. Rxf3 Qxf3 24. Nh6 Rad8 25. Qc1 b5 26. d5 Rxd5 27. Rf1
Qd3 0-1

[Event "XXX Open Eporediese"]
[Site "Ivrea ITA"]
[Date "2013.03.14"]
[Round "8"]
[White "Castaldo, Antonio"]
[Black "Gennaro, Isabella"]
[WhiteElo "1587"]
[BlackElo "1658"]
[Result "0-1"]
[PlyCount "44"]
[EventDate "2013.01.24"]

1. Nf3 d5 2. g3 c5 3. d3 Nf6 4. Bg2 Nc6 5. O-O e6 6. Nc3 Be7 7. e4 d4 8. Ne2 e5
9. Nd2 O-O 10. Re1 Be6 11. Nf1 Rc8 12. f4 exf4 13. Bxf4 Nd7 14. a3 Nde5 15. b3
b5 16. a4 a6 17. Bxe5 Nxe5 18. Nf4 Bg4 19. Qd2 c4 20. h3 Be6 21. axb5 axb5 22.
Ra5 c3 0-1

[Event "XXX Open Eporediese"]
[Site "Ivrea ITA"]
[Date "2013.03.14"]
[Round "8"]
[White "Ranieri, Fabrizio"]
[Black "Trovero, Leo"]
[WhiteElo "2304"]
[BlackElo "1619"]
[Result "1-0"]
[PlyCount "27"]
[EventDate "2013.01.24"]

1. e4 c5 2. Nf3 d6 3. d4 cxd4 4. Nxd4 Nf6 5. Nc3 g6 6. Bg5 Bg7 7. Bb5+ Bd7 8.
Qe2 a6 9. Bxd7+ Nbxd7 10. O-O-O O-O 11. f4 Nc5 12. e5 Ne8 13. exd6 Qxd6 14. Nf5
1-0

[Event "XXX Open Eporediese"]
[Site "Ivrea ITA"]
[Date "2013.03.14"]
[Round "8"]
[White "Razzano, Lorenzo"]
[Black "Giachino, Adriano"]
[WhiteElo "1982"]
[BlackElo "1624"]
[Result "1-0"]
[PlyCount "51"]
[EventDate "2013.01.24"]

1. e4 c5 2. Nf3 Nc6 3. d4 cxd4 4. Nxd4 d6 5. Nc3 Nf6 6. h3 e5 7. Nde2 Be7 8. g4
Be6 9. Ng3 h6 10. Be3 Nh7 11. Qd2 Bg5 12. O-O-O O-O 13. Nf5 Qa5 14. Kb1 Rac8
15. h4 Nb4 16. a3 Bxe3 17. Qxe3 Ba2+ 18. Nxa2 Nc6 19. Be2 Nf6 20. g5 Ne8 21.
gxh6 g6 22. h7+ Kh8 23. Qh6 Rc7 24. Qxf8+ Kxh7 25. Rxd6 Qc5 26. h5 1-0

[Event "C.to Provinciale MN"]
[Site "Mantova ITA"]
[Date "2013.02.15"]
[Round "1"]
[White "Bertani, Gianfranco"]
[Black "Maniscalco, Davide"]
[WhiteElo "2057"]
[BlackElo "1706"]
[Result "1-0"]
[PlyCount "85"]
[EventDate "2013.02.15"]

1. d4 c5 2. e3 cxd4 3. exd4 d5 4. Bd3 Nc6 5. c3 Nf6 6. Bf4 g6 7. h3 Bg7 8. Nf3
O-O 9. O-O Qb6 10. Qe2 a6 11. Ne5 Re8 12. Nxc6 bxc6 13. Be5 Nd7 14. Na3 a5 15.
c4 Nxe5 16. dxe5 Qd4 17. cxd5 cxd5 18. Rfe1 Bd7 19. Bb5 Bxb5 20. Nxb5 Qb6 21.
a4 Bh6 22. e6 f5 23. Rad1 Red8 24. Qf3 Bg7 25. b3 Qc5 26. h4 Rac8 27. h5 Bf6
28. hxg6 hxg6 29. g4 d4 30. gxf5 Qxf5 31. Qxf5 gxf5 32. Rd3 Rd5 33. Red1 Rcd8
34. f4 Kh7 35. Rh3+ Kg7 36. Kf2 Rc5 37. Kf3 Rc6 38. Rg1+ Kf8 39. Rhg3 Rxe6 40.
Rg8+ Kf7 41. Rxd8 Re3+ 42. Kg2 d3 43. Rd1 1-0

[Event "C.to Provinciale MN"]
[Site "Mantova ITA"]
[Date "2013.02.15"]
[Round "1"]
[White "Boni, Gianni"]
[Black "Pietralunga, Nicola"]
[WhiteElo "1809"]
[BlackElo "2108"]
[Result "0-1"]
[PlyCount "82"]
[EventDate "2013.02.15"]

1. b3 d5 2. Bb2 Nf6 3. Nf3 Bg4 4. e3 Nbd7 5. h3 Bh5 6. d3 h6 7. Nbd2 e6 8. Be2
Be7 9. Ne5 Bxe2 10. Qxe2 Nxe5 11. Bxe5 c6 12. a4 O-O 13. O-O Re8 14. Rfd1 Nd7
15. Bb2 Rc8 16. Nf3 Qc7 17. Qd2 Red8 18. d4 c5 19. Ba3 Bf6 20. Rac1 c4 21. Qc3
b6 22. b4 e5 23. dxe5 Nxe5 24. Nd4 a6 25. f4 Nc6 26. Qd2 Nxd4 27. exd4 c3 28.
Qf2 Re8 29. b5 axb5 30. axb5 Re4 31. Rd3 Rxf4 32. Qe2 Re4 33. Qh5 Bxd4+ 34. Kh1
Rce8 35. Rf1 Rf4 36. Qd1 Rxf1+ 37. Qxf1 Re4 38. Bc1 Qe5 39. Rd1 Bc5 40. g4 Bd6
41. Qf2 Re2 0-1

[Event "C.to Provinciale MN"]
[Site "Mantova ITA"]
[Date "2013.02.15"]
[Round "1"]
[White "Bozzi, Gianni"]
[Black "Albinelli, Alberto"]
[WhiteElo "2168"]
[BlackElo "1869"]
[Result "1-0"]
[PlyCount "65"]
[EventDate "2013.02.15"]

1. c4 e6 2. Nf3 Nf6 3. g3 d5 4. Bg2 Be7 5. O-O O-O 6. d4 c6 7. Nc3 Nbd7 8. Qc2
Nb6 9. c5 Nbd7 10. b4 a6 11. a4 h6 12. Bb2 Re8 13. Nd2 Bf8 14. f4 Ng4 15. Qd3
f5 16. Nf3 Ngf6 17. Ne5 Ne4 18. b5 Nxe5 19. fxe5 Bd7 20. bxa6 Rxa6 21. Rfb1 Qg5
22. Bc1 Qg4 23. Rxb7 Nxc3 24. Bf3 Qh3 25. Rxd7 Ne4 26. Bxe4 fxe4 27. Qxa6 Be7
28. Be3 Qg4 29. Rf1 h5 30. Rf4 Qg6 31. Rxe7 Rxe7 32. Qxc6 Kh7 33. a5 1-0

[Event "C.to Provinciale MN"]
[Site "Mantova ITA"]
[Date "2013.02.15"]
[Round "1"]
[White "Caramaschi, Vincenzo"]
[Black "Schiatti, Piero"]
[WhiteElo "1590"]
[BlackElo "1989"]
[Result "0-1"]
[PlyCount "56"]
[EventDate "2013.02.15"]

1. Nf3 f5 2. Nc3 Nf6 3. d3 d6 4. Bd2 e5 5. e4 Be7 6. g3 O-O 7. Bg2 Nc6 8. O-O
Qe8 9. Ne2 fxe4 10. dxe4 Nxe4 11. Ne1 Nxd2 12. Qxd2 Be6 13. f4 Qd7 14. Rd1 Bh3
15. Nd3 Bxg2 16. Kxg2 Qe6 17. Kg1 e4 18. Qe3 Bf6 19. Kg2 Rfe8 20. Nf2 Qxa2 21.
f5 Qxb2 22. g4 h6 23. h4 Bxh4 24. Rb1 Qe5 25. Rxb7 d5 26. Rh1 Bg5 27. Qa3 e3
28. Nh3 Qe4+ 0-1

[Event "C.to Provinciale MN"]
[Site "Mantova ITA"]
[Date "2013.02.15"]
[Round "1"]
[White "Goldoni, Claudio"]
[Black "Varini, Matteo"]
[WhiteElo "1996"]
[BlackElo "1671"]
[Result "1-0"]
[PlyCount "31"]
[EventDate "2013.02.15"]

1. e4 c6 2. d4 d5 3. Nd2 dxe4 4. Nxe4 Bf5 5. Ng3 Bg6 6. f4 h6 7. Nf3 Nd7 8. Bc4
e6 9. O-O Ngf6 10. Qe2 Qe7 11. Re1 Nd5 12. Bd2 Bxc2 13. f5 N7b6 14. Rac1 Bxf5
15. Nxf5 exf5 16. Qd3 1-0

[Event "C.to Provinciale MN"]
[Site "Mantova ITA"]
[Date "2013.02.15"]
[Round "1"]
[White "Maniscalco, Orazio"]
[Black "Baroni, Alessandro"]
[WhiteElo "1449"]
[BlackElo "1949"]
[Result "0-1"]
[PlyCount "70"]
[EventDate "2013.02.15"]

1. e4 e6 2. d4 c5 3. c3 d5 4. e5 Nc6 5. Nf3 Qb6 6. a3 Bd7 7. b4 cxb4 8. axb4 a5
9. Bd3 Rc8 10. b5 Na7 11. Qa4 Bxb5 12. Bxb5+ Qxb5 13. Qxa5 Qxa5 14. Rxa5 Nc6
15. Ra4 Nge7 16. O-O Nf5 17. Bb2 Be7 18. Nbd2 O-O 19. Rfa1 b5 20. Ra6 b4 21.
cxb4 Nxb4 22. R6a4 Rc2 23. Ba3 Rb8 24. Bxb4 Rxb4 25. Rxb4 Bxb4 26. Nb3 g6 27.
h3 Kg7 28. Rc1 Rb2 29. Nc5 Bd2 30. Rd1 Ba5 31. Rd3 Bb6 32. g3 Nxd4 33. Nxd4
Bxc5 34. Kg2 Bxd4 35. Rxd4 Re2 0-1

[Event "C.to Provinciale MN"]
[Site "Mantova ITA"]
[Date "2013.02.15"]
[Round "1"]
[White "Mantovani, Celso"]
[Black "Azzoni, Marino"]
[WhiteElo "1044"]
[BlackElo "1879"]
[Result "0-1"]
[PlyCount "54"]
[EventDate "2013.02.15"]

1. d4 d5 2. e3 Nf6 3. Nf3 Bg4 4. Bd3 e6 5. Bd2 Nc6 6. O-O Bd6 7. Re1 O-O 8. a3
Ne4 9. Bxe4 dxe4 10. h3 exf3 11. hxg4 fxg2 12. Kxg2 f5 13. f4 fxg4 14. Qxg4 Rf6
15. Rh1 Rg6 16. Kf3 Rxg4 17. Kxg4 Qf6 18. Nc3 Qf5+ 19. Kf3 Qxc2 20. Rab1 Qxd2
21. Ne4 Nxd4+ 22. exd4 Qxf4+ 23. Kg2 Qxe4+ 24. Kh3 Rf8 25. Rbe1 Qf3+ 26. Kh4
Qg3+ 27. Kh5 Rf5# 0-1

[Event "C.to Provinciale MN"]
[Site "Mantova ITA"]
[Date "2013.02.15"]
[Round "1"]
[White "Oppici, Gabriele"]
[Black "Anserini, Alberto"]
[WhiteElo "1971"]
[BlackElo "1523"]
[Result "1-0"]
[PlyCount "53"]
[EventDate "2013.02.15"]

1. d4 d5 2. Nf3 b6 3. Bf4 Bb7 4. e3 e6 5. Bd3 f6 6. c4 Nd7 7. Nc3 Bd6 8. Bxd6
cxd6 9. cxd5 exd5 10. Qc2 Qe7 11. Bxh7 O-O-O 12. Nxd5+ Kb8 13. Nxe7 Nxe7 14.
Be4 Rc8 15. Qd3 d5 16. Bf5 Nxf5 17. Qxf5 Rc7 18. O-O g5 19. Rac1 Rhc8 20. Rc3
Rxc3 21. bxc3 Rc7 22. c4 dxc4 23. d5 Nc5 24. Nd4 Ka8 25. Ne6 Rd7 26. Nxc5 bxc5
27. Qxd7 1-0

[Event "C.to Provinciale MN"]
[Site "Mantova ITA"]
[Date "2013.02.15"]
[Round "1"]
[White "Zordan, Giovanni"]
[Black "La Venia, Stefano"]
[WhiteElo "1680"]
[BlackElo "2005"]
[Result "0-1"]
[PlyCount "70"]
[EventDate "2013.02.15"]

1. e4 c5 2. Nf3 Nc6 3. c3 d5 4. Qa4 dxe4 5. Qxe4 Nf6 6. Qa4 Bd7 7. Bb5 a6 8.
Be2 e5 9. Qc2 e4 10. Ng5 Bf5 11. f3 Qe7 12. O-O g6 13. Bc4 Ne5 14. Qb3 b5 15.
Be2 c4 16. Qd1 Bg7 17. Nxe4 Nxe4 18. fxe4 Bxe4 19. Qe1 O-O 20. a4 Rfe8 21. axb5
axb5 22. Rxa8 Bxa8 23. Qf2 f5 24. Na3 Qb7 25. Nc2 Nd3 26. Bxd3 cxd3 27. Ne3 f4
28. Qxf4 Rxe3 29. Qf7+ Qxf7 30. Rxf7 Kxf7 31. dxe3 Ke6 32. Kf2 Kd5 33. g3 Kc4
34. Ke1 b4 35. cxb4 Kxb4 0-1

[Event "C.to Provinciale MN"]
[Site "Mantova ITA"]
[Date "2013.02.22"]
[Round "2"]
[White "Albinelli, Alberto"]
[Black "Maniscalco, Orazio"]
[WhiteElo "1869"]
[BlackElo "1449"]
[Result "1-0"]
[PlyCount "63"]
[EventDate "2013.02.15"]

1. Nf3 Nf6 2. d4 e6 3. c4 b6 4. g3 Bb7 5. Bg2 Nc6 6. O-O Rb8 7. Nc3 Be7 8. e4
d6 9. Re1 O-O 10. d5 exd5 11. cxd5 Ne5 12. Nd4 a6 13. a4 Nfd7 14. f4 Ng6 15. h4
Bf6 16. Be3 Nxh4 17. gxh4 Bxh4 18. Rf1 g5 19. Nf5 gxf4 20. Rxf4 Bg5 21. Rg4 f6
22. Qd2 Ne5 23. Rg3 Nf7 24. Ne2 Kh8 25. Ned4 Bxe3+ 26. Qxe3 Rg8 27. Ne6 Qd7 28.
Rxg8+ Rxg8 29. Rf1 Ng5 30. Qd4 Nxe6 31. Qxf6+ Ng7 32. Nh6 1-0

[Event "C.to Provinciale MN"]
[Site "Mantova ITA"]
[Date "2013.02.22"]
[Round "2"]
[White "Anserini, Alberto"]
[Black "Boni, Gianni"]
[WhiteElo "1523"]
[BlackElo "1809"]
[Result "0-1"]
[PlyCount "146"]
[EventDate "2013.02.15"]

1. e4 b6 2. Nf3 Bb7 3. d3 e6 4. g3 d6 5. Bg2 Nd7 6. O-O g6 7. Bg5 Ne7 8. Nc3 h6
9. Be3 Bg7 10. Qd2 Nf6 11. h3 Qd7 12. a4 a6 13. Nd4 e5 14. Nde2 Nc6 15. Nd5
Nxd5 16. exd5 Ne7 17. c4 Nf5 18. b3 O-O 19. Rae1 Rae8 20. Nc3 Kh7 21. Ne4 Nxe3
22. fxe3 f5 23. Nc3 Bc8 24. b4 Re7 25. b5 a5 26. Kh2 Ref7 27. Ne2 Qd8 28. d4
Qg5 29. dxe5 Bxe5 30. Nf4 Qf6 31. h4 Bc3 32. Qe2 Bxe1 33. Rxe1 Re7 34. h5 gxh5
35. Nxh5 Qg5 36. Nf4 Rfe8 37. Qd2 Rg8 38. Qf2 Reg7 39. Ne2 Bd7 40. Bf3 Be8 41.
Kg2 Bh5 42. Rh1 Bxf3+ 43. Qxf3 Qg4 44. Qf2 Rg5 45. Rh3 Qe4+ 46. Kh2 Re8 47. Nd4
Qxe3 48. Qb2 Qe5 49. Qd2 Reg8 50. Nf3 Qf6 51. Nxg5+ Qxg5 52. Qd3 Re8 53. Qf3
Re3 54. Qf2 Re4 55. Rh4 Rxh4+ 56. gxh4 Qg4 57. Qe3 Qxh4+ 58. Kg2 Qg5+ 59. Kf2
Qxe3+ 60. Kxe3 h5 61. Kf4 h4 62. Kxf5 h3 63. Ke6 h2 64. Kd7 h1=Q 65. Kxc7 Qc1
66. Kxb6 Qxc4 67. Kxa5 Qxd5 68. Ka6 Qa8+ 69. Kb6 Qxa4 70. Kc6 d5 71. Kc5 Qc4+
72. Kb6 d4 73. Ka5 d3 0-1

[Event "C.to Provinciale MN"]
[Site "Mantova ITA"]
[Date "2013.02.22"]
[Round "2"]
[White "Azzoni, Marino"]
[Black "Goldoni, Claudio"]
[WhiteElo "1879"]
[BlackElo "1996"]
[Result "0-1"]
[PlyCount "86"]
[EventDate "2013.02.15"]

1. e4 d6 2. d4 Nf6 3. Nc3 g6 4. Nf3 Bg7 5. Be2 O-O 6. O-O Nbd7 7. Bc4 Nb6 8.
Bb3 c6 9. h3 d5 10. e5 Ne8 11. Ne2 Nc7 12. c3 Ne6 13. Bc2 f5 14. Nf4 Nxf4 15.
Bxf4 Nc4 16. Qc1 Re8 17. b3 Nb6 18. Bg5 Nd7 19. Bh6 Bh8 20. Ng5 Nf8 21. Bxf8
Rxf8 22. e6 Bf6 23. Nf7 Qc7 24. Qe3 Bg7 25. Rfe1 f4 26. Qe2 c5 27. Rac1 b6 28.
h4 Bxe6 29. Nh6+ Bxh6 30. Qxe6+ Kh8 31. f3 Bg7 32. Kh1 Rf6 33. Qxd5 Rd8 34. Qe4
cxd4 35. cxd4 Rc6 36. d5 Rc5 37. Qxe7 Qxe7 38. Rxe7 Bb2 39. Rce1 Rxc2 40. Rxa7
Rc1 41. Rxc1 Bxc1 42. a4 Rxd5 43. b4 Be3 0-1

[Event "C.to Provinciale MN"]
[Site "Mantova ITA"]
[Date "2013.02.22"]
[Round "2"]
[White "Baroni, Alessandro"]
[Black "Bertani, Gianfranco"]
[WhiteElo "1949"]
[BlackElo "2057"]
[Result "0-1"]
[PlyCount "58"]
[EventDate "2013.02.15"]

1. e4 c5 2. c3 d6 3. d4 Nf6 4. dxc5 Nc6 5. f3 d5 6. exd5 Nxd5 7. Bc4 e6 8. Bxd5
exd5 9. Be3 Bf5 10. Ne2 Qd7 11. Na3 b6 12. cxb6 Bxa3 13. bxa3 axb6 14. Bxb6 O-O
15. O-O Rfb8 16. Bc5 Rb2 17. Nd4 Nxd4 18. Qxd4 Re8 19. Rf2 Ree2 20. Rxe2 Rxe2
21. Rd1 h6 22. Qxd5 Re1+ 23. Kf2 Rxd1 24. Qxd7 Bxd7 25. Bb4 Rd2+ 26. Kg3 g5 27.
c4 Rxa2 28. h3 f5 29. c5 f4+ 0-1

[Event "C.to Provinciale MN"]
[Site "Mantova ITA"]
[Date "2013.02.22"]
[Round "2"]
[White "Foroni, Francesco"]
[Black "Caramaschi, Vincenzo"]
[WhiteElo "1870"]
[BlackElo "1590"]
[Result "1-0"]
[PlyCount "51"]
[EventDate "2013.02.15"]

1. Nf3 f5 2. d3 Nf6 3. e4 d6 4. e5 dxe5 5. Nxe5 Nc6 6. Nxc6 bxc6 7. Be2 g6 8.
Nd2 e5 9. Nf3 e4 10. dxe4 Qxd1+ 11. Bxd1 Nxe4 12. O-O Bc5 13. Ng5 Nxf2 14. Rxf2
Bxf2+ 15. Kxf2 h6 16. Nf3 g5 17. Be2 f4 18. Bd3 Bd7 19. Bd2 O-O-O 20. Ne5 Be8
21. Re1 Kb7 22. Bc3 Rf8 23. Re4 h5 24. Rb4+ Ka8 25. Be4 a5 26. Rc4 1-0

[Event "C.to Provinciale MN"]
[Site "Mantova ITA"]
[Date "2013.02.22"]
[Round "2"]
[White "La Venia, Stefano"]
[Black "Beltrami, Nerio"]
[WhiteElo "2005"]
[BlackElo "1907"]
[Result "1-0"]
[PlyCount "71"]
[EventDate "2013.02.15"]

1. e4 d6 2. d4 g6 3. Nc3 Bg7 4. Be3 c6 5. Qd2 b5 6. Bd3 Bb7 7. f3 Nd7 8. Nce2
Ngf6 9. h4 a6 10. c3 c5 11. Bh6 Bxh6 12. Qxh6 cxd4 13. cxd4 Qa5+ 14. Nc3 b4 15.
Nce2 Rc8 16. b3 Qa3 17. Qd2 O-O 18. Nh3 Kg7 19. Nf2 h5 20. Rd1 Qa5 21. f4 e6
22. Rg1 Rfe8 23. e5 dxe5 24. fxe5 Nh7 25. Nf4 Rcd8 26. Nxh5+ gxh5 27. Bxh7 Kxh7
28. Qg5 Rg8 29. Qxh5+ Kg7 30. Ng4 Kf8 31. Rf1 f5 32. Qh6+ Kf7 33. Qh7+ Ke8 34.
Qxg8+ Ke7 35. Qg7+ Ke8 36. Nf6+ 1-0